| 000 | 01776cam a22003494i 4500 | ||
|---|---|---|---|
| 003 | PE-LiUPU | ||
| 005 | 20250731184102.0 | ||
| 008 | 150623s r 000 0 d | ||
| 020 | _a9972606244 | ||
| 035 | _a(Sirsi) i9789972606243 | ||
| 040 |
_aPE-LiUPU _bspa _cPE-LiUPU _erda |
||
| 082 | 0 | 4 |
_a869.568 _bO _221 |
| 100 | 1 |
_aValdelomar, Abraham, _d1888-1919, _eautor. |
|
| 245 | 1 | 0 |
_aAbraham Valdelomar : _bobras completas. _n2 / _cAbraham Valdelomar. |
| 264 | 1 |
_aLima : _bDepartamento de Relaciones Públicas de Petroperú; Ediciones Copé, _c2000. |
|
| 300 |
_a677 páginas : _bilustraciones lám., gráficos ; _c21 cm. |
||
| 336 |
_atext _2rdacontent |
||
| 337 |
_aunmediated _2rdamedia |
||
| 338 |
_avolume _2rdacarrier |
||
| 505 | 0 | _aNarrativa: Cuentos exóticos. Novelas cortas. Cuentos criollos. Cuento cinematográfico. Cuentos yanquis. Cuentos chinos. Cuentos humorísticos. Los hijos del Sol. Cuentos fantásticos. Esbozos y fragmentos. Dedicatorias y epígrafes de el Caballero Carmelo. Fuegos fatuos: Crónicas frágiles. Impresiones. Fuegos fatuos. La ciudad sentimental. Commentaria svbtilla. Diálogos máximos. Falsa carátula. Decoraciones de ánfora. La ciudad interesante y fantástica. | |
| 526 | _aP145 | ||
| 526 | _aP127 | ||
| 526 | _aP97 | ||
| 526 | _aP14 | ||
| 526 | _aP07 | ||
| 650 | 1 | 4 |
_aCuentos peruanos _ySiglo XX. |
| 942 |
_2ddc _cBOOK |
||
| 949 |
_a869.568 O 2 _wDEWEY _c1 _i49802 _lCCODEBUL1 _mBUL _p00.00 _r0 _sY _tBOOK _u2015-06-24 _xBIBLIOTECA _zUNKNOWN _0COMPRA _o.STAFF. Colección General |
||
| 596 | _a1 | ||
| 999 |
_a869.568 O 2 _wDEWEY _c32622 _i49802 _d32622 _e2017-7-3 _f2021-11-9 _g5 _lCCODEBUL1 _mBUL _n3 _r0 _sY _tBOOK _u2015-6-24 _xEDUCACION _zUNKNOWN _0COMPRA _o.STAFF. Colección General |
||
| 980 |
_81 _gALBERTO SANCHEZ Responsable de Automatización |
||